[Event "LJEM M-V 2025 u12"]
[Site "Malchow"]
[Date "2025.02.04"]
[Round "5.6"]
[White "Wiechert, Emil"]
[Black "Seegebrecht, Johann"]
[Result "0-1"]
[WhiteElo "941"]
[BlackElo "1574"]
[Time "08:30:00"]
[WhiteTeam "SSC Rostock 07"]
[BlackTeam "SC Mecklenburger Springer"]

1.e4 g6 2.Nf3 Bg7 3.d4 d6 4.Bf4 Nd7 5.Nc3 e5 6.dxe5 dxe5 7.Be3 Ne7 8.Bc4 
O-O 9.Qd2 a6 10.O-O-O Nc6 11.Bh6 Nf6 12.Qg5 Bxh6 13.Rxd8 Bxg5+ 14.Nxg5 
Nxd8 15.f3 h6 16.Nh3 Bxh3 17.gxh3 Nc6 18.Rg1 Nd4 19.Rxg6+ Kh7 20.Rxf6 Ne6 
21.Bxe6 fxe6 22.Rxe6 Rae8 23.Rxe8 Rxe8 24.Nd5 Rf8 25.b3 Rxf3 26.h4 Rh3 27.
h5 Rxh2 28.Kb2 Kg7 29.Nxc7 Rxh5 30.Ne8+ Kg6 31.Nd6 Rg5 32.Nxb7 h5 33.c4 
Rg2+ 34.Ka3 h4 35.c5 h3 36.c6 Rc2 37.Na5 h2 38.Nc4 h1=Q 39.c7 Qh8 40.Nxe5+
Qxe5 0-1

[Event "LJEM M-V 2025 u12"]
[Site "Malchow"]
[Date "2025.02.04"]
[Round "5.7"]
[White "Hammerich, Devon"]
[Black "Schneider, Tom"]
[Result "1-0"]
[WhiteElo "1431"]
[BlackElo "1052"]
[Time "08:30:00"]
[WhiteTeam "SC Mecklenburger Springer"]
[BlackTeam "SV Blau-Weiß Grevesmühlen"]

1.e4 d6 2.Nf3 g6 3.Nc3 Bg7 4.d4 Bg4 5.Be2 Nd7 6.O-O Bxf3 7.Bxf3 c6 8.Bf4 
e5 9.dxe5 dxe5 10.Bg3 Ne7 11.Bf4 O-O 12.Qd6 f6 13.Rad1 Nb6 14.Qxd8 Raxd8 
15.Rxd8 Rxd8 16.Rd1 Rxd1+ 17.Bxd1 g5 18.Bg3 f5 19.h3 f4 20.Bh2 Ng6 21.b4 
Nc4 22.Bg4 b6 23.Be6+ Kf8 24.Bxc4 Nh4 25.g3 Nf3+ 26.Kh1 Ne1 27.gxf4 gxf4 
28.b5 c5 29.Nd5 Nxc2 30.Nc7 Ke7 31.Ne6 Bh6 32.h4 Ne1 33.Ng5 Bxg5 34.hxg5 
Nf3 35.Kg2 Nxg5 36.f3 h5 37.Bg1 h4 38.Bf2 h3+ 39.Kh2 Nxf3+ 40.Kxh3 Ng5+ 
41.Kg4 Nxe4 42.Bh4+ Kd6 43.Kf5 Nd2 44.Bf7 f3 45.Kg4 e4 46.Kh3 Ke5 47.Bg3+ 
Kf5 1-0

[Event "LJEM M-V 2025 u12"]
[Site "Malchow"]
[Date "2025.02.04"]
[Round "5.8"]
[White "Waligora, Franz"]
[Black "Semenov, Maxim"]
[Result "1-0"]
[WhiteElo "854"]
[BlackElo "944"]
[Time "08:30:00"]
[WhiteTeam "SSC Rostock 07"]
[BlackTeam "TuS Makkabi Rostock"]

1.e4 c5 2.Nf3 e6 3.d4 cxd4 4.Nxd4 Nc6 5.Be3 Qc7 6.Nc3 a6 7.Bd3 Nf6 8.O-O 
Be7 9.f3 O-O 10.a3 Nxd4 11.Bxd4 b5 12.e5 Nd5 13.Be4 Nxc3 14.Bxc3 Bb7 15.
Qd3 Bxe4 16.Qxe4 Bc5+ 17.Kh1 Rfe8 18.b4 Bf8 19.Bd2 g6 20.c3 Bg7 21.f4 d6 
22.exd6 Qxd6 23.Rad1 f5 24.Qe3 Bh6 25.Bc1 Qc7 26.Qf3 Rac8 27.Bb2 Bg7 28.
Rd3 e5 29.fxe5 Rxe5 30.Rd5 Re4 31.Rc5 Qb8 32.Rxc8+ Qxc8 33.h3 Qc7 34.g4 
Rf4 35.Qxf4 Qc6+ 36.Qf3 Qc8 37.Qd5+ Kh8 38.gxf5 h6 39.f6 Qxh3+ 40.Kg1 Qg3+
41.Qg2 Qe3+ 42.Kh2 Qe5+ 43.Qg3 Qh5+ 44.Qh3 Qe5+ 45.Kh1 Bxf6 46.Qxh6+ Kg8 
47.Qxg6+ Bg7 48.Qf7+ Kh8 49.Rf2 Qe4+ 50.Rf3 Qh4+ 51.Kg2 Qg4+ 52.Kh2 Be5+ 
53.Kh1 Qh4+ 54.Kg2 Qg4+ 55.Kf2 Qh4+ 56.Ke2 Qe4+ 57.Re3 Qc2+ 58.Kf1 Qd1+ 
59.Kg2 Qd2+ 60.Qf2 Qd5+ 61.Rf3 Bf6 62.c4 Qg5+ 63.Rg3 Qxg3+ 64.Kxg3 Bxb2 
65.Qxb2+ Kh7 66.cxb5 axb5 67.Qe5 Kh6 68.Qf6+ Kh7 69.Qg5 Kh8 70.Kf4 Kh7 71.
Kf5 Kh8 72.Kf6 Kh7 73.Qg7# 1-0

[Event "LJEM M-V 2025 u12"]
[Site "Malchow"]
[Date "2025.02.04"]
[Round "5.9"]
[White "Sdunek, Timo"]
[Black "Uecker, Emil"]
[Result "1-0"]
[WhiteElo "905"]
[BlackElo "816"]
[Time "08:30:00"]
[WhiteTeam "SSC Rostock 07"]
[BlackTeam "SAV Torgelow-Drögeheide 90"]

1.e4 e6 2.d4 d5 3.e5 c5 4.c3 Nc6 5.Nf3 Qb6 6.Bd3 cxd4 7.cxd4 Nxd4 8.Nxd4 
Bd7 9.Bc2 Bb4+ 10.Nc3 Bxc3+ 11.bxc3 Ne7 12.Rb1 Qc7 13.O-O Qxe5 14.Rxb7 Bc6
15.Rxe7+ Kf8 16.a3 Be8 17.Rxe6 Kg8 18.Rxe5 Rd8 19.Rfe1 Bd7 20.Qg4 g6 21.
Qg5 Kg7 22.Re7 Rhe8 23.Bf5 Kg8 24.Rxe8+ Rxe8 25.Rxe8+ 1-0

[Event "LJEM M-V 2025 u12"]
[Site "Malchow"]
[Date "2025.02.04"]
[Round "6.1"]
[White "Subocz, Emma"]
[Black "König, Lian"]
[Result "1/2-1/2"]
[WhiteElo "1165"]
[BlackElo "1450"]
[Time "14:30:00"]
[WhiteTeam "SAV Torgelow-Drögeheide 90"]
[BlackTeam "SF Schwerin"]

1.e4 e5 2.Nf3 Nc6 3.Nc3 Nf6 4.Bb5 a6 5.Bxc6 dxc6 6.O-O Bd6 7.d4 Qe7 8.Re1 
O-O 9.h3 Bd7 10.Bg5 Rad8 11.Qd2 h6 12.Bh4 Rfe8 13.d5 Bb4 14.Rad1 Qd6 15.a3
Bxc3 16.Qxc3 Rc8 17.Qb3 Rb8 18.Bg3 c5 19.Qc3 Qe7 20.Bxe5 b6 21.Bxf6 Qxf6 
22.Qxf6 gxf6 23.e5 fxe5 24.Nxe5 Rbd8 25.Nxd7 Rxe1+ 26.Rxe1 Rxd7 27.c4 b5 
28.cxb5 axb5 29.Rd1 f6 30.f4 c6 31.d6 Kf7 32.f5 h5 33.g4 hxg4 34.hxg4 Kg7 
35.Kg2 Rd8 36.Kg3 Kf7 37.Kf4 Rg8 38.Re1 Rd8 39.Re6 Rh8 40.d7 1/2-1/2

[Event "LJEM M-V 2025 u12"]
[Site "Malchow"]
[Date "2025.02.04"]
[Round "6.2"]
[White "Khanbekyan, Aram"]
[Black "Tran, Nhat Nam"]
[Result "0-1"]
[WhiteElo "1570"]
[BlackElo "1363"]
[Time "14:30:00"]
[WhiteTeam "Greifswalder SV"]
[BlackTeam "Greifswalder SV"]

1.e4 e6 2.d4 d5 3.Nc3 dxe4 4.Nxe4 Nf6 5.f3 Nxe4 6.fxe4 Qh4+ 7.Ke2 Qxe4+ 8.
Be3 Nc6 9.Nf3 Bd6 10.c3 Ne7 11.g3 Nf5 12.Qd3 Qxd3+ 13.Kxd3 Nxe3 14.Kxe3 b6
15.Bg2 Bb7 16.Kf2 O-O 17.h4 Rad8 18.g4 c5 19.h5 cxd4 20.Nxd4 Ba6 21.g5 Be5
22.Kf3 Bxd4 23.cxd4 Rxd4 24.Bh3 Rfd8 25.g6 Rd3+ 26.Kf4 R8d4+ 27.Ke5 f6+ 
28.Kxe6 Bc8+ 29.Ke7 Re3+ 0-1

[Event "LJEM M-V 2025 u12"]
[Site "Malchow"]
[Date "2025.02.04"]
[Round "6.3"]
[White "Seegebrecht, Johann"]
[Black "Hammerich, Devon"]
[Result "1-0"]
[WhiteElo "1574"]
[BlackElo "1431"]
[Time "14:30:00"]
[WhiteTeam "SC Mecklenburger Springer"]
[BlackTeam "SC Mecklenburger Springer"]

1.e4 e5 2.Nf3 Nc6 3.Nc3 Nf6 4.Bb5 Bb4 5.d3 O-O 6.O-O d6 7.Bg5 Bxc3 8.bxc3 
Bg4 9.h3 Bh5 10.Re1 h6 11.Bd2 Nh7 12.g4 Bg6 13.Bc4 Nf6 14.Nh4 Bh7 15.Nf5 
Bxf5 16.gxf5 d5 17.exd5 Nxd5 18.Qg4 Kh7 19.Kh1 Rg8 20.Rg1 Qd6 21.Qe4 Nf6 
22.Qg2 Rab8 23.Bxf7 Qf8 24.Bxg8+ Qxg8 25.Qg6+ Kh8 26.Bxh6 Ne7 27.Bxg7+ 
Qxg7 28.Qxg7# 1-0

[Event "LJEM M-V 2025 u12"]
[Site "Malchow"]
[Date "2025.02.04"]
[Round "6.5"]
[White "Aslanov, Kamran"]
[Black "Wiechert, Leonel"]
[Result "0-1"]
[WhiteElo "1451"]
[BlackElo "1068"]
[Time "14:30:00"]
[WhiteTeam "SF Schwerin"]
[BlackTeam "SSC Rostock 07"]

1.e4 e5 2.Nf3 Nc6 3.Nc3 Nf6 4.Bc4 Bb4 5.d3 d6 6.h3 Nd4 7.Bg5 h6 8.Bh4 c5 
9.a3 Ba5 10.O-O g5 11.Bg3 g4 12.hxg4 Bxg4 13.Bh4 Rg8 14.Kh1 Qc8 15.Bg3 
Bxf3 16.gxf3 Qh3+ 17.Kg1 Rxg3+ 18.fxg3 Qxg3+ 19.Kh1 Ke7 20.Qe1 Qh3+ 21.Kg1
Rg8+ 22.Kf2 Qxf3# 0-1

[Event "LJEM M-V 2025 u12"]
[Site "Malchow"]
[Date "2025.02.04"]
[Round "6.6"]
[White "Zietz, Leni"]
[Black "Chychkan, Pavlo"]
[Result "0-1"]
[WhiteElo "1159"]
[BlackElo "1200"]
[Time "14:30:00"]
[WhiteTeam "Think Rochade - SC HRO"]
[BlackTeam "Think Rochade - SC HRO"]

1.d4 d5 2.c4 c6 3.Nc3 Nf6 4.Nf3 Bg4 5.e3 e6 6.Bd3 Bb4 7.Bd2 Bxc3 8.Bxc3 
Ne4 9.Bb4 b6 10.h3 Bh5 11.Be2 Bxf3 12.Bxf3 c5 13.Bxe4 dxe4 14.dxc5 Nc6 15.
Qa4 Qc7 16.cxb6 Qxb6 17.a3 a5 18.Bc3 O-O 19.c5 Qxc5 20.Qxe4 Ne7 21.Qg4 Ng6
22.b4 Qxc3+ 23.Ke2 Qb2+ 24.Kd3 Ne5+ 25.Ke4 Nxg4 26.hxg4 axb4 27.Rab1 Qc2+ 
28.Kf3 bxa3 29.Rhc1 a2 30.Ra1 Qxc1 31.Rxc1 a1=Q 32.Rxa1 Rxa1 33.g3 f5 34.
gxf5 exf5 35.Ke2 g5 36.f3 g4 37.f4 h5 38.Kf2 Ra3 39.Ke2 h4 40.Kf2 hxg3+ 
41.Kxg3 Rxe3+ 42.Kf2 Ra3 43.Kg2 Kh7 44.Kf2 Rg8 45.Kg2 Rb3 46.Kf2 g3+ 47.
Kg2 Rd3 48.Kg1 g2 49.Kf2 g1=Q+ 50.Ke2 Qe3+ 51.Kf1 Rg1# 0-1

[Event "LJEM M-V 2025 u12"]
[Site "Malchow"]
[Date "2025.02.04"]
[Round "6.7"]
[White "Wiechert, Emil"]
[Black "Sdunek, Timo"]
[Result "0-1"]
[WhiteElo "941"]
[BlackElo "905"]
[Time "14:30:00"]
[WhiteTeam "SSC Rostock 07"]
[BlackTeam "SSC Rostock 07"]

1.e4 e5 2.Nf3 Nc6 3.Bc4 Nf6 4.d3 Bc5 5.O-O O-O 6.c3 d5 7.exd5 Nxd5 8.d4 
exd4 9.cxd4 Bb6 10.Bxd5 Qxd5 11.Nc3 Qd8 12.Be3 Bg4 13.d5 Bxe3 14.fxe3 Bxf3
15.Qxf3 Ne7 16.e4 c6 17.Rad1 Qb6+ 18.Qf2 cxd5 19.Qxb6 axb6 20.exd5 Rfd8 
21.Rd2 Rd6 22.Rfd1 Rad8 23.Kf2 f5 24.Kf3 g5 25.g4 fxg4+ 26.Kxg4 h6 27.h4 
gxh4 28.Kxh4 Nf5+ 29.Kh5 Kf7 30.Rf1 Rf6 31.Rg1 Ne3 32.Rd3 Rf5+ 33.Kh4 Nxd5
34.Nxd5 Rdxd5 35.Rdg3 Rd4+ 36.Rg4 Rxg4+ 37.Rxg4 Rf2 38.Rb4 Rf6 39.Rc4 Rc6 
40.Rf4+ Rf6 41.Rd4 Ke7 42.Ra4 Kd8 43.Ra8+ Kc7 44.Rh8 Rf2 45.Rh7+ Kb8 46.b3
Rxa2 47.Rxh6 Rh2+ 48.Kg5 Rxh6 49.Kxh6 Kc7 50.Kg5 Kc6 51.Kf5 Kc5 52.Ke4 Kb4
53.Kd4 b5 54.Ke3 Kc3 55.Ke2 Kxb3 56.Kd3 Kb2 57.Kd2 b4 58.Kd1 Ka2 59.Kc1 b3
60.Kd2 b2 0-1

[Event "LJEM M-V 2025 u12"]
[Site "Malchow"]
[Date "2025.02.04"]
[Round "6.8"]
[White "Schneider, Tom"]
[Black "Waligora, Franz"]
[Result "1-0"]
[WhiteElo "1052"]
[BlackElo "854"]
[Time "14:30:00"]
[WhiteTeam "SV Blau-Weiß Grevesmühlen"]
[BlackTeam "SSC Rostock 07"]

1.d4 d5 2.Nf3 Bf5 3.Bf4 e6 4.e3 c5 5.c3 Nc6 6.Bb5 Nf6 7.Bxc6+ bxc6 8.Nbd2 
Ne4 9.Nxe4 Bxe4 10.O-O Bd6 11.Bxd6 Qxd6 12.Qa4 Bxf3 13.gxf3 O-O 14.e4 Rfe8
15.e5 Qe7 16.Qxc6 Rac8 17.Qd6 Qxd6 18.exd6 Red8 19.Rac1 Rxd6 20.b4 cxd4 
21.cxd4 Rxc1 22.Rxc1 f6 23.Rc8+ Kf7 24.Rc7+ Kg6 25.Rxa7 e5 26.dxe5 fxe5 
27.b5 d4 28.Ra6 Rxa6 29.bxa6 d3 30.Kf1 Kf5 31.a7 e4 32.a8=Q d2 33.Qxe4+ 
Kf6 34.Qf4+ Ke6 35.Qxd2 1-0

[Event "LJEM M-V 2025 u12"]
[Site "Malchow"]
[Date "2025.02.04"]
[Round "6.10"]
[White "Uecker, Emil"]
[Black "Dingler, Mika"]
[Result "1-0"]
[WhiteElo "816"]
[BlackElo "782"]
[Time "14:30:00"]
[WhiteTeam "SAV Torgelow-Drögeheide 90"]
[BlackTeam "SF Schwerin"]

1.e4 e5 2.Nf3 Nc6 3.Bc4 Bc5 4.d3 h6 5.Nc3 Nf6 6.O-O d6 7.h3 O-O 8.Re1 a6 
9.Be3 Bxe3 10.Rxe3 Nd4 11.Re1 b5 12.Nxd4 exd4 13.Nd5 bxc4 14.Nxf6+ Qxf6 
15.dxc4 Qg6 16.Qf3 Bb7 17.Qg3 Qxg3 18.fxg3 c5 19.e5 dxe5 20.Rxe5 Rac8 21.
Rae1 Bc6 22.Rxc5 Bxg2 23.Rxc8 Rxc8 24.Kxg2 Rxc4 25.Rc1 d3 26.c3 Re4 27.Kf1
d2 28.Rd1 Re3 29.Kf2 Rd3 30.h4 g5 31.hxg5 hxg5 32.c4 f5 33.c5 Kf7 34.Ke2 
Rxg3 35.Rxd2 Rg2+ 36.Kd3 Rxd2+ 37.Kxd2 Ke6 38.Kd3 Kd5 39.b4 g4 40.Ke3 Kc4 
41.c6 g3 42.c7 g2 43.c8=Q+ Kxb4 44.Qg8 g1=Q+ 45.Qxg1 a5 46.Kd3 a4 47.Qd4+ 
Ka3 48.Kc2 f4 49.Qb2# 1-0

[Event "LJEM M-V 2025 u12"]
[Site "Malchow"]
[Date "2025.02.05"]
[Round "7.1"]
[White "König, Lian"]
[Black "Seegebrecht, Johann"]
[Result "1/2-1/2"]
[WhiteElo "1450"]
[BlackElo "1574"]
[Time "08:30:00"]
[WhiteTeam "SF Schwerin"]
[BlackTeam "SC Mecklenburger Springer"]

1.Nf3 g6 2.g3 Bg7 3.Bg2 d6 4.c4 Nd7 5.d4 c5 6.Nc3 b6 7.O-O Bb7 8.e3 Ngf6 
9.Re1 O-O 10.Qc2 Re8 11.b3 Rc8 12.d5 e6 13.e4 Re7 14.Nb5 Rb8 15.Nxd6 Nxe4 
16.Nxb7 Rxb7 1/2-1/2

[Event "LJEM M-V 2025 u12"]
[Site "Malchow"]
[Date "2025.02.05"]
[Round "7.2"]
[White "Tran, Nhat Nam"]
[Black "Subocz, Emma"]
[Result "1/2-1/2"]
[WhiteElo "1363"]
[BlackElo "1165"]
[Time "08:30:00"]
[WhiteTeam "Greifswalder SV"]
[BlackTeam "SAV Torgelow-Drögeheide 90"]

1.e4 e5 2.Nf3 Nc6 3.c3 Nf6 4.d4 exd4 5.e5 Nd5 6.cxd4 d6 7.Qb3 dxe5 8.dxe5 
Be7 9.Bb5 Bd7 10.Qxd5 Nb4 11.Qxd7+ Qxd7 12.Bxd7+ Kxd7 13.Na3 Rad8 14.Ke2 
Kc8 15.Bd2 Nd3 16.Bc3 Nf4+ 17.Kf1 Bc5 18.Ne1 Rhe8 19.g3 Nh3 20.Kg2 Nxf2 
21.Rf1 Ne4 22.Rc1 1/2-1/2

[Event "LJEM M-V 2025 u12"]
[Site "Malchow"]
[Date "2025.02.05"]
[Round "7.3"]
[White "Wiechert, Leonel"]
[Black "Vollendorff, Lukas"]
[Result "1/2-1/2"]
[WhiteElo "1068"]
[BlackElo "1012"]
[Time "08:30:00"]
[WhiteTeam "SSC Rostock 07"]
[BlackTeam "Think Rochade - SC HRO"]

1.Nf3 d5 2.d4 Nf6 3.c4 c6 4.Bg5 Bf5 5.Nc3 Nbd7 6.e3 g6 7.Bd3 Bxd3 8.Qxd3 
Bg7 9.O-O O-O 10.Rfe1 Re8 11.Rad1 Nb6 12.b3 Nfd7 13.c5 Nc8 14.e4 f6 15.Be3
e6 16.h3 b6 17.b4 a6 18.a3 Qe7 19.exd5 cxd5 20.Bc1 Qf7 21.Re2 Ne7 22.Rde1 
Nc6 23.cxb6 Nxb6 24.b5 axb5 25.Qxb5 Qc7 26.Rxe6 Rxe6 27.Rxe6 Rc8 28.Nxd5 
Nxd5 29.Qxd5 Kh8 30.Qe4 Qe7 31.Be3 f5 32.Qd3 Qxe6 33.Ng5 Qd7 34.Qc4 Rc7 
35.Bf4 Rb7 36.Qa6 Ra7 37.Qc4 Nxd4 38.Be3 h6 39.Bxd4 hxg5 40.Bxa7 Qxa7 41.
Qc8+ Kh7 42.Qc1 Kh6 43.h4 Bf6 44.g3 Qa4 45.hxg5+ Bxg5 46.Qb2 Qe8 47.Kg2 f4
48.Qb3 fxg3 49.Qxg3 Qc6+ 50.Qf3 Qxf3+ 51.Kxf3 Bd8 52.Kg2 Kg5 53.f3 Bc7 54.
a4 Kf4 55.Kf2 Bb6+ 56.Ke2 g5 57.a5 Bxa5 58.Kf2 Bb6+ 59.Kg2 Ke3 60.Kg3 Bc7+
61.Kg2 Ke2 62.Kh3 Kxf3 1/2-1/2

[Event "LJEM M-V 2025 u12"]
[Site "Malchow"]
[Date "2025.02.05"]
[Round "7.4"]
[White "Chychkan, Pavlo"]
[Black "Khanbekyan, Aram"]
[Result "1-0"]
[WhiteElo "1200"]
[BlackElo "1570"]
[Time "08:30:00"]
[WhiteTeam "Think Rochade - SC HRO"]
[BlackTeam "Greifswalder SV"]

1.e4 c5 2.Nf3 Nc6 3.d4 cxd4 4.Nxd4 g6 5.Be3 Bg7 6.Nc3 Nf6 7.Qd2 Ng4 8.Be2 
Nxe3 9.fxe3 O-O 10.O-O d6 11.Qd1 Qb6 12.Nxc6 bxc6 13.Na4 Qxe3+ 14.Rf2 Bd4 
15.Qf1 Qxe4 16.Nc3 Bxf2+ 17.Qxf2 Qxc2 18.Qg3 Qxb2 19.Rf1 Bf5 20.Rxf5 Rac8 
21.Rf2 Qb6 22.h3 c5 23.Nd5 Qb7 24.Bf3 Qd7 25.Bg4 f5 26.Bxf5 e6 27.Bxg6 
exd5 28.Bf7+ Kh8 29.Bxd5 Rxf2 30.Qxf2 c4 31.Bf7 Rf8 32.Qf6# 1-0

[Event "LJEM M-V 2025 u12"]
[Site "Malchow"]
[Date "2025.02.05"]
[Round "7.7"]
[White "Aslanov, Kamran"]
[Black "Schneider, Tom"]
[Result "1/2-1/2"]
[WhiteElo "1451"]
[BlackElo "1052"]
[Time "08:30:00"]
[WhiteTeam "SF Schwerin"]
[BlackTeam "SV Blau-Weiß Grevesmühlen"]

1.e4 d6 2.d4 g6 3.Nf3 Bg4 4.h3 Bxf3 5.Qxf3 Bg7 6.Be3 c6 7.Bd3 Nd7 8.O-O e6
9.Nd2 Qc7 10.c3 Ne7 11.Rfe1 O-O 12.Qe2 h6 13.Rad1 f5 14.f3 fxe4 15.fxe4 
Rf7 16.Nf3 e5 17.dxe5 Nxe5 18.Nxe5 Bxe5 19.Bxh6 Kh7 20.Bg5 Raf8 21.Rf1 Bf6
22.Bxf6 Rxf6 23.e5 Rxf1+ 24.Rxf1 Rxf1+ 25.Qxf1 Qb6+ 26.Kh1 dxe5 27.Qf7+ 
Kh6 28.Qxe7 Qxb2 29.Qh4+ Kg7 30.Qe7+ Kh6 31.Qxe5 a6 32.Qh8+ Kg5 33.h4+ Kg4
34.Qd4+ Kg3 35.Qe3+ Kxh4 36.Qf4+ Kh5 37.g4+ Kh4 38.Qf6+ Kg3 39.Qe5+ Kh3 
40.Qh8+ Kg3 41.Qe5+ Kh3 42.Bf1+ Kxg4 43.Qe4+ Kh5 44.Be2+ Kh6 45.Qh4+ Kg7 
46.Qe7+ Kh6 47.Qf8+ Kg5 48.Qe7+ Kh6 49.Qe3+ Kg7 50.Qd4+ Kh6 51.Qe3+ Kg7 
52.Qe7+ Kh6 1/2-1/2

[Event "LJEM M-V 2025 u12"]
[Site "Malchow"]
[Date "2025.02.05"]
[Round "7.8"]
[White "Waligora, Franz"]
[Black "Uecker, Emil"]
[Result "1-0"]
[WhiteElo "854"]
[BlackElo "816"]
[Time "08:30:00"]
[WhiteTeam "SSC Rostock 07"]
[BlackTeam "SAV Torgelow-Drögeheide 90"]

1.e4 e6 2.d4 d5 3.e5 c5 4.Be3 Nc6 5.Nf3 Qb6 6.b3 Nge7 7.c4 Nf5 8.cxd5 exd5
9.Nc3 Be6 10.Bb5 Be7 11.O-O O-O 12.Bd3 Nfxd4 13.Bb1 Bf5 14.Nxd4 Nxd4 15.
Bxd4 Bxb1 16.Nxd5 Qd8 17.Bxc5 Bxc5 18.Rxb1 Qd7 19.Nf6+ gxf6 20.Qxd7 fxe5 
21.Qd5 Bd4 22.Qxb7 Rad8 23.Kh1 f6 24.f4 Rf7 25.Qb4 Kh8 26.fxe5 Bxe5 27.g4 
Rg8 28.h4 Rg6 29.h5 Rh6 30.Qd2 Kg7 31.Qe3 Bb8 32.Rf5 Bd6 33.Rg5+ fxg5 34.
Qxg5+ Kf8 35.Qxh6+ Ke8 36.Qxd6 Re7 37.Rd1 Kf8 38.Re1 Kg7 39.Rxe7+ Kf8 40.
Qd8# 1-0

[Event "LJEM M-V 2025 u12"]
[Site "Malchow"]
[Date "2025.02.05"]
[Round "7.9"]
[White "Semenov, Maxim"]
[Black "Wiechert, Emil"]
[Result "1-0"]
[WhiteElo "944"]
[BlackElo "941"]
[Time "08:30:00"]
[WhiteTeam "TuS Makkabi Rostock"]
[BlackTeam "SSC Rostock 07"]

1.d4 Nf6 2.c4 e6 3.Nf3 d5 4.Nc3 Bb4 5.Bg5 Nbd7 6.e3 c5 7.Ne5 O-O 8.Bd3 h6 
9.Bh4 a6 10.O-O Bxc3 11.bxc3 b5 12.cxb5 c4 13.Bc2 axb5 14.a4 bxa4 15.Bxa4 
Ra7 16.Bxd7 Rxa1 17.Qxa1 Bxd7 18.Bxf6 gxf6 19.Nf3 Qc7 20.Qb1 Rb8 21.Qc2 e5
22.e4 Bc6 23.Nd2 Qb7 24.Rb1 Qa8 25.Rxb8+ Qxb8 26.h3 Qb7 27.f3 Kf8 28.exd5 
Bxd5 29.Qh7 Qb2 30.Qxh6+ Ke7 31.dxe5 fxe5 32.Qe3 f6 33.f4 Ke6 34.fxe5 fxe5
35.Qh6+ Kd7 36.Qe3 Kd6 37.h4 Qc2 38.Nf3 Bxf3 39.gxf3 Qb1+ 40.Kf2 Qc2+ 41.
Ke1 Qb1+ 42.Ke2 Kd5 43.Qe4+ Qxe4+ 44.fxe4+ Kxe4 45.h5 Kf5 46.Ke3 e4 47.h6 
Kg6 48.h7 Kxh7 49.Kxe4 Kg7 50.Kd4 Kf7 51.Kxc4 Ke7 52.Kb5 Kd7 53.c4 Kc7 54.
Kc5 Kc8 55.Kc6 Kb8 56.Kd7 Ka7 57.c5 Ka6 58.c6 Ka7 59.c7 Ka8 60.c8=Q+ Ka7 
61.Kd6 Kb6 62.Qc7+ Ka6 63.Qb8 Ka5 64.Kc5 1-0

[Event "LJEM M-V 2025 u12"]
[Site "Malchow"]
[Date "2025.02.05"]
[Round "7.10"]
[White "Dingler, Mika"]
[Black "Zietz, Leni"]
[Result "0-1"]
[WhiteElo "782"]
[BlackElo "1159"]
[Time "08:30:00"]
[WhiteTeam "SF Schwerin"]
[BlackTeam "Think Rochade - SC HRO"]

1.e4 c5 2.Nf3 d6 3.d4 cxd4 4.Nxd4 Nc6 5.Nc3 g6 6.Bd3 Nxd4 7.b3 Bg7 8.Bb2 
Nf6 9.Na4 Nc6 10.Qe2 O-O 11.O-O-O a6 12.f3 b5 13.Nc3 Qa5 14.a4 bxa4 15.
Nxa4 Nb4 16.Kb1 Nxd3 17.Qxd3 Bd7 18.Bc3 Qc7 19.Nb2 Bb5 20.Qd2 Nxe4 21.fxe4
Qxc3 22.Qxc3 Bxc3 23.Rhg1 Be2 24.Rd5 e6 25.Rxd6 Rfd8 26.Rxd8+ Rxd8 27.g4 
Bxb2 28.Kxb2 Bf3 29.h4 Bxe4 30.h5 Rd2 31.Rc1 f5 32.gxf5 exf5 33.hxg6 hxg6 
34.Rg1 Rg2 35.Rxg2 Bxg2 36.c4 f4 37.c5 a5 38.c6 Bxc6 39.Ka3 f3 40.b4 axb4+
41.Kxb4 f2 42.Kc5 f1=Q 0-1

[Event "LJEM M-V 2025 u14"]
[Site "Malchow"]
[Date "2025.02.01"]
[Round "1.1"]
[White "Schröder, Hannes Artur"]
[Black "Meyer, Markus"]
[Result "1-0"]
[WhiteElo "1612"]
[BlackElo "1011"]
[Time "14:30:00"]
[WhiteTeam "SG Eintracht Neubrandenburg"]
[BlackTeam "Think Rochade - SC HRO"]

1.e4 e5 2.Nf3 Nc6 3.Bc4 Bc5 4.Nc3 d6 5.h3 f5 6.d3 f4 7.a3 Nf6 8.Nd5 Be6 9.
Nxc7+ Qxc7 10.Bxe6 Qe7 11.Ba2 h6 12.b4 Bd4 13.Nxd4 Nxd4 14.Bb2 Qc7 15.Bxd4
exd4 16.Qd2 g5 17.Bc4 O-O-O 18.O-O-O d5 19.exd5 Nxd5 20.Bxd5 Rxd5 21.Rde1 
Qc3 22.Qxc3+ dxc3 23.Re4 b5 24.Rhe1 Kd8 25.Re5 Rxe5 26.Rxe5 a6 27.Rc5 Re8 
28.Kd1 Kd7 29.Rxc3 Kd6 30.Kd2 h5 31.Rc5 Re5 32.Rxe5 Kxe5 33.c4 bxc4 34.
dxc4 Kd4 35.c5 Kd5 36.Kd3 h4 37.f3 Kc6 38.Kc4 Kd7 39.a4 1-0

[Event "LJEM M-V 2025 u14"]
[Site "Malchow"]
[Date "2025.02.01"]
[Round "1.2"]
[White "Günther, Toni"]
[Black "Gavrylyuk, Oleksandr"]
[Result "0-1"]
[WhiteElo "975"]
[BlackElo "1634"]
[Time "14:30:00"]
[WhiteTeam "SAV Torgelow-Drögeheide 90"]
[BlackTeam "TuS Makkabi Rostock"]

1.e4 c5 2.Nf3 Nc6 3.c3 d6 4.d4 cxd4 5.cxd4 Nf6 6.Nc3 e6 7.Bb5 Be7 8.d5 a6 
9.dxc6 axb5 10.cxb7 Bxb7 11.Qe2 b4 12.Qb5+ Qd7 13.Qxb4 d5 14.Qd4 dxe4 15.
Qxd7+ Nxd7 16.Nd2 Bb4 17.Rb1 Nc5 18.O-O O-O 19.a3 Bxc3 20.bxc3 Ba6 21.Re1 
Rfd8 22.h3 Nd3 23.Rd1 Nxc1 24.Rbxc1 Be2 25.g4 Bxd1 26.Rxd1 Rxa3 27.Kg2 Ra2
0-1

[Event "LJEM M-V 2025 u14"]
[Site "Malchow"]
[Date "2025.02.01"]
[Round "1.3"]
[White "Vakeel, Eshwar"]
[Black "Lipkowski, Calvin"]
[Result "1-0"]
[WhiteElo "1659"]
[BlackElo "927"]
[Time "14:30:00"]
[WhiteTeam "Think Rochade - SC HRO"]
[BlackTeam "SAV Torgelow-Drögeheide 90"]

1.e4 e5 2.Nf3 Nc6 3.Bc4 Bc5 4.c3 Nf6 5.d3 d5 6.exd5 Nxd5 7.O-O Bg4 8.h3 
Bxf3 9.Qxf3 O-O 10.Bxd5 Qd7 11.Nd2 Rad8 12.Bxc6 Qxc6 13.Ne4 f5 14.Nxc5 
Qxf3 15.gxf3 b6 16.Ne6 Rxd3 17.Nxf8 Kxf8 18.Kg2 h6 19.b3 Rxc3 20.Bb2 Rc5 
21.Ba3 g5 22.Rac1 Kf7 23.Bxc5 bxc5 24.Rxc5 Kf6 25.Rxc7 a6 26.Rd1 h5 27.
Rd6# 1-0

[Event "LJEM M-V 2025 u14"]
[Site "Malchow"]
[Date "2025.02.01"]
[Round "1.4"]
[White "Feist, Jonas"]
[Black "Briese, Sophie"]
[Result "0-1"]
[WhiteElo "921"]
[BlackElo "1516"]
[Time "14:30:00"]
[WhiteTeam "SAV Torgelow-Drögeheide 90"]
[BlackTeam "SAV Torgelow-Drögeheide 90"]

1.e4 c5 2.c3 d5 3.exd5 Qxd5 4.d4 e6 5.Nf3 Nf6 6.Be2 Nc6 7.O-O cxd4 8.cxd4 
Be7 9.Nc3 Qd8 10.Bg5 O-O 11.Qd3 h6 12.Bf4 a6 13.Be5 Nxe5 14.Nxe5 Bd6 15.
Nc4 Qc7 16.g3 e5 17.dxe5 Bxe5 18.Nxe5 Qxe5 19.Rfe1 Qc5 20.Ne4 Nxe4 21.Qxe4
Qf5 22.Qe3 Bd7 23.Bd3 Qa5 24.Qe4 g6 25.Qxb7 Bh3 26.Qe7 Rad8 27.Be4 Rfe8 
28.Qh4 Bf5 29.Re3 g5 30.Qxh6 Bxe4 31.f3 Bg6 32.Rxe8+ Rxe8 33.f4 Qb6+ 34.
Kg2 Be4+ 35.Kh3 Qxh6+ 36.Kg4 f5# 0-1

[Event "LJEM M-V 2025 u14"]
[Site "Malchow"]
[Date "2025.02.01"]
[Round "1.5"]
[White "Wilke, Ronja"]
[Black "Vuong, Qui Long"]
[Result "1-0"]
[WhiteElo "1571"]
[BlackElo "916"]
[Time "14:30:00"]
[WhiteTeam "SAV Torgelow-Drögeheide 90"]
[BlackTeam "TSG Neustrelitz"]

1.e4 e5 2.Nf3 Nc6 3.Bc4 Bc5 4.c3 Nf6 5.d4 exd4 6.e5 Ng4 7.cxd4 Bb6 8.O-O 
O-O 9.h3 d5 10.Bb3 Bf5 11.Nc3 Nb4 12.Ne2 h5 13.Ng3 Qd7 14.Nxh5 Rae8 15.Bg5
Be4 16.Nd2 Bxd4 17.Nxe4 dxe4 18.hxg4 Rxe5 19.Bf6 gxf6 20.Nxf6+ 1-0

[Event "LJEM M-V 2025 u14"]
[Site "Malchow"]
[Date "2025.02.01"]
[Round "1.6"]
[White "Lange, Friedrich"]
[Black "Subocz, Barbara"]
[Result "1-0"]
[WhiteElo "900"]
[BlackElo "1581"]
[Time "14:30:00"]
[WhiteTeam "TSG Neustrelitz"]
[BlackTeam "SAV Torgelow-Drögeheide 90"]

1.d4 d5 2.Nf3 Nf6 3.Bg5 Bf5 4.h3 h6 5.Bxf6 exf6 6.Nc3 c6 7.e3 Nd7 8.Bd3 
Be6 9.O-O Bd6 10.Re1 O-O 11.e4 dxe4 12.Nxe4 Be7 13.c3 c5 14.Bb5 Qb6 15.
Bxd7 Bxd7 16.dxc5 Qc6 17.Qd4 Rad8 18.Rad1 Bxh3 19.Qe3 Bf5 20.Ng3 Rxd1 21.
Rxd1 Be6 22.b4 Re8 23.Nd4 Qa6 24.Nxe6 fxe6 25.a4 Bd8 26.Ra1 Qc6 27.Nh5 b6 
28.Qg3 Qd7 29.cxb6 axb6 30.a5 bxa5 31.bxa5 Qf7 32.Qg4 f5 33.Qf3 g6 34.Nf4 
g5 35.Nd3 Bc7 36.a6 Bb6 37.Qc6 Qa7 38.Qxe8+ 1-0

[Event "LJEM M-V 2025 u14"]
[Site "Malchow"]
[Date "2025.02.01"]
[Round "1.7"]
[White "Jakobi, Paul Leonhard"]
[Black "Hampe, Adrian"]
[Result "1-0"]
[WhiteElo "1230"]
[BlackElo "882"]
[Time "14:30:00"]
[WhiteTeam "SF Schwerin"]
[BlackTeam "Putlitzer SV 1921"]

1.e4 d5 2.exd5 Qxd5 3.Nc3 Qa5 4.Nf3 Bg4 5.h3 Bh5 6.Bc4 f6 7.O-O c6 8.d3 
Qc7 9.Re1 e5 10.Re3 Nd7 11.Qe1 Bxf3 12.Rxf3 Bc5 13.Bf4 Bd4 14.Bg3 O-O-O 
15.Rb1 Nh6 16.Ne4 Rdf8 17.c3 Bc5 18.d4 Bd6 19.Nxd6+ Qxd6 20.dxe5 fxe5 21.
Rd3 Qf6 22.Rdd1 Rd8 23.Rd6 Qf5 24.Be6 Qf6 25.Bxe5 Qe7 26.Bxd7+ Kc7 27.Re6+
1-0

[Event "LJEM M-V 2025 u14"]
[Site "Malchow"]
[Date "2025.02.01"]
[Round "1.8"]
[White "Blödorn, Ben"]
[Black "Isaiev, Andrii"]
[Result "1-0"]
[WhiteElo "849"]
[BlackElo "1067"]
[Time "14:30:00"]
[WhiteTeam "SV Empor Kühlungsborn"]
[BlackTeam "TuS Makkabi Rostock"]

1.e4 c5 2.c3 e6 3.d4 cxd4 4.cxd4 d5 5.Nc3 Nc6 6.Bb5 Bd7 7.Nf3 Bb4 8.Qb3 
dxe4 9.Bxc6 Bxc3+ 10.Qxc3 exf3 11.Bxd7+ Qxd7 12.Qxf3 Nf6 13.O-O Qxd4 14.
Qxb7 O-O 15.Be3 Rfb8 16.Qxb8+ Rxb8 17.Bxd4 Rb7 18.Rac1 Ne8 19.Rc8 1-0